|
|
|
|
| LEADER |
01228nam a2200265 a 4500 |
| 001 |
11897166 |
| 008 |
091230s1999 bg b 001 0 eng d |
| 010 |
|
|
|a 99945371
|
| 020 |
|
|
|a 9840514555
|
| 040 |
|
|
|a DLC
|c DLC
|d BD-DhAAL
|
| 082 |
0 |
0 |
|a 305.4/095492
|2 21
|
| 100 |
1 |
|
|a Monsoor, Taslima.
|
| 245 |
1 |
0 |
|a From patriarchy to gender equity :
|b family law and its impact on women in Bangladesh /
|c Taslima Monsoor.
|
| 246 |
3 |
0 |
|a Gender equity
|
| 260 |
|
|
|a Dhaka :
|b University Press Ltd.,
|c 1999.
|
| 300 |
|
|
|a xvii, 400 p. ;
|c 22 cm.
|
| 504 |
|
|
|a Includes bibliographical references (p. [341]-382) and indexes.
|
| 541 |
1 |
|
|e 00007430
|
| 650 |
|
0 |
|a Women
|z Bangladesh
|x Social conditions.
|
| 650 |
|
0 |
|a Women's rights
|z Bangladesh.
|
| 650 |
|
0 |
|a Women
|x Legal status, laws, etc.
|z Bangladesh.
|
| 852 |
4 |
|
|a Ayesha Abed Library
|j General Shelf.
|
| 999 |
|
|
|c 6554
|d 6554
|
| 952 |
|
|
|0 0
|1 0
|2 ddc
|4 0
|6 305_409549200000000_MON_1999
|7 0
|9 6666
|a BRACUL
|b BRACUL
|c GEN
|d 2009-12-31
|g 550.00
|l 9
|m 25
|o 305.4095492 MON
|p 3010007430
|r 2023-03-25
|s 2023-03-23
|t 1
|v 1100.00
|w 2009-12-31
|y BK
|
| 952 |
|
|
|0 0
|1 0
|2 ddc
|4 0
|6 305_400000000000000_095492_MON
|7 0
|9 24112
|a SCL
|b SCL
|c GEN
|d 1999-12-14
|g 550.00
|l 6
|m 6
|o 305.4095492 MON
|p 3020002523
|r 2025-11-08
|s 2025-10-22
|t 2
|w 2014-04-06
|y BK
|